00297nam a2200109Ia 4500008004000000082001500040100004200055245002300097260003800120300001400158650001500172210210b1962 xxu||||| |||| 00| 0 eng d a001.4 BARM aBARZUN (Jacques) and GRAFF (Henry F). aModern researcher. aNYbHarcourt, Brace & Worldc1962 axiii, 386 aResearch